[Event "3rd ACP Blitz Prelim5"]
[Site "playchess.com INT"]
[Date "2004.06.04"]
[Round "10"]
[White "Socko,B"]
[Black "Gallegos,Ca"]
[Result "0-1"]
[WhiteElo "2579"]
[BlackElo "2452"]

1.e4 d6 2.d4 Nf6 3.Nc3 c6 4.Nf3 Qa5 5.Bd3 Bg4 6.h3 Bxf3 7.Qxf3 Nbd7 8.Bd2 Qb6
9.Qe3 e5 10.dxe5 Qxe3+ 11.Bxe3 dxe5 12.O-O-O Bc5 13.Rhe1 O-O-O 14.Bc4 Rhf8
15.a3 b5 16.Ba2 a5 17.f3 Bxe3+ 18.Rxe3 Nc5 19.Rxd8+ Kxd8 20.Ne2 Kc7 21.g4 h6
22.h4 Nfd7 23.Ng3 g6 24.h5 Nb7 25.Re2 Nd6 26.Rh2 g5 27.Rd2 Rh8 28.Rxd6 Kxd6
29.Nf5+ Kc7 30.Bxf7 Nb6 31.Kd2 Nc8 32.Be6 Nd6 33.Ne3 Rf8 34.Ke2 Kd8 35.Bb3 Ke7
36.Ba2 Rb8 37.Bb3 a4 38.Ba2 b4 39.axb4 Rxb4 40.b3 a3 41.c3 Rb5 42.b4 c5 43.Kd3 cxb4
44.cxb4 Kd7 45.Kc3 Rb8 46.Kb3 Nb5 47.Nf5 Rc8 48.Nxh6 Rc3+ 49.Ka4 Rc2 50.Bb3 Nd4
51.Kxa3 Rc3 52.Nf7 Rxb3+ 53.Ka4 Rb1 54.b5 Nxf3 55.h6 Rh1 56.b6 Ke7 57.b7 Kxf7
58.h7 Kg7 59.Kb5 Rb1+ 60.Kc6 Kxh7  0-1

[Event "3rd ACP Blitz Prelim5"]
[Site "playchess.com INT"]
[Date "2004.06.04"]
[Round "13"]
[White "Petrosian,TL"]
[Black "Gallegos,Ca"]
[Result "1-0"]
[WhiteElo "2539"]
[BlackElo "2452"]

1.e4 d6 2.d4 Nf6 3.Nc3 c6 4.Nf3 Bg4 5.Bc4 e6 6.O-O d5 7.Bd3 dxe4 8.Nxe4 Nbd7
9.h3 Bh5 10.Ng3 Bg6 11.Re1 Bd6 12.Nf5 Bxf5 13.Bxf5 O-O 14.Bd3 c5 15.Bg5 Qc7
16.Qe2 h6 17.Bh4 Rfe8 18.Rad1 Rad8 19.Bb5 a6 20.Bxd7 Rxd7 21.Ne5 Bxe5 22.dxe5 Nd5
23.Qg4 Kh8 24.Rd3 Ne7 25.Bxe7 Rexe7 26.Rg3 g6 27.h4 Rd4 28.Qf3 h5 29.c3 Rdd7
30.Rg5 Qc6 31.Qf6+ Kh7 32.Re3 Re8 33.c4 Qa4 34.Rd3 Qc6 35.Rd6 Qc7 36.g4 Rxd6
37.exd6 Qd8 38.Qxf7+  1-0

[Event "TCh-BIH"]
[Site "Neum BIH"]
[Date "2004.06.05"]
[Round "8"]
[White "Golubovic,B"]
[Black "Pikula,D"]
[Result "1/2-1/2"]
[WhiteElo "2424"]
[BlackElo "2523"]

1.e4 d6 2.d4 Nf6 3.Nc3 e5 4.dxe5 dxe5 5.Qxd8+ Kxd8 6.Bg5 Be6 7.f4 exf4 8.O-O-O+ Kc8
9.Nge2 Nbd7 10.h3 Bb4 11.Bxf4 c6 12.g4 Ba5 13.Bg2 Bc7 14.g5 Ng8 15.Rhf1 Ne7
16.Bxc7 Kxc7 17.Nd5+ Kd8 18.Ng3 Rc8 19.Rf2 Ng6 20.Ne3 Kc7 21.Nh5 Rhg8 22.Nf5 Bxf5
23.exf5 Nge5 24.f6 gxf6 25.Nxf6 Nxf6 26.gxf6 Rce8 27.Rd4 Rg6 28.b3 Re6 29.Rdf4 Nd7
30.Be4 Rh6 31.Bf5 Rexf6 32.Bxd7 Rxf4 33.Rxf4 Kxd7 34.Rxf7+ Kc8 35.Rf3  1/2-1/2

[Event "3rd ACP Blitz Octofinal"]
[Site "playchess.com INT"]
[Date "2004.06.05"]
[Round "3"]
[White "Berg,E"]
[Black "Bauer,Ch"]
[Result "0-1"]
[WhiteElo "2495"]
[BlackElo "2595"]

1.e4 d6 2.d4 Nf6 3.Nc3 Nbd7 4.Be3 e5 5.f3 c6 6.Qd2 Qc7 7.g4 h6 8.O-O-O b5
9.Kb1 Bb7 10.h4 Nb6 11.Qf2 b4 12.Nce2 Nfd7 13.Ng3 exd4 14.Bxd4 c5 15.Be3 d5
16.exd5 Nxd5 17.Bc1 O-O-O 18.Nh3 g6 19.Ne4 Bg7 20.Nf4 Nxf4 21.Nd6+ Kb8 22.Bxf4 Ne5
23.Qd2 Bxf3 24.Bg2 Bxg2 25.Rdg1 Bxh1 26.Rxh1  0-1

[Event "8th Open"]
[Site "Voronezh RUS"]
[Date "2004.06.14"]
[Round "3"]
[White "Kostin,Alexe"]
[Black "Bratus,P"]
[Result "1-0"]
[WhiteElo "2385"]
[BlackElo "2208"]

1.e4 d6 2.d4 Nf6 3.Nc3 e5 4.Nf3 exd4 5.Nxd4 Be7 6.Be2 O-O 7.O-O Nc6 8.Be3 Re8
9.f4 Nd7 10.Qd2 Bf6 11.Rad1 Nb6 12.b3 Bd7 13.Bf3 Nxd4 14.Bxd4 Bc6 15.Rfe1 Bxd4+
16.Qxd4 Qh4 17.g3 Qh3 18.Qf2 f6 19.Re3 Re7 20.Rde1 Rae8 21.a4 a5 22.Qe2 Qe6
23.Nb5 Qf7 24.Nd4 Bd7 25.Qd2 d5 26.e5 fxe5 27.fxe5 c5 28.e6 Bxe6 29.Nxe6 Rxe6
30.Rxe6 Rxe6 31.Rxe6 Qxe6 32.Qxa5 Nd7 33.Kg2 Kf7 34.Qc7 b6 35.Qb7 Kf6 36.Qxd5 Qxd5
37.Bxd5 Ke5 38.Bc6 Nf6 39.c3 Kd6 40.Bf3 Ke5 41.Kf2 g5 42.Ke3 Ne8 43.Kd3 Nd6
44.b4 cxb4 45.cxb4 Ne8 46.a5 bxa5 47.bxa5 Nc7 48.Kc4 Kd6 49.Bb7 Ne8 50.Be4  1-0

[Event "8th Open"]
[Site "Voronezh RUS"]
[Date "2004.06.14"]
[Round "3"]
[White "Kurnosov,I"]
[Black "Chuprov,D"]
[Result "1/2-1/2"]
[WhiteElo "2543"]
[BlackElo "2464"]

1.e4 d6 2.d4 Nf6 3.Nc3 e5 4.Nf3 exd4 5.Nxd4 Be7 6.Qf3 O-O 7.Nf5 Bxf5 8.Qxf5 Nc6
9.Be3 Qc8 10.Qxc8 Raxc8 11.f3 a6 12.O-O-O Rfe8 13.g3 h6 14.Bg2 Bf8 15.h4 g6
16.g4 Ne7 17.g5 Nh5 18.Bh3 Rcd8 19.Bg4 Kh7 20.Nd5 Nxd5 21.Rxd5 Ng3 22.Re1 Bg7
23.Bf4 Nh5 24.Bxh5 gxh5 25.Rf5 Rd7 26.gxh6 Be5 27.Rg1 Bxf4+ 28.Rxf4 Kxh6
29.Rg5 Re6 30.Rff5 Rg6 31.Rxh5+ Kg7 32.Rhg5 Rd8 33.h5 Rxg5 34.Rxg5+ Kf6 35.Rf5+ Ke6
36.Rf4 Rh8 37.Rh4 Kf6 38.Kd2 Kg5 39.Rg4+ Kxh5 40.Ke3 Rh6 41.Rg8 Re6 42.f4 Re7
43.Kf3 Kh6 44.f5 Re5 45.Kf4 Rb5 46.b3 Rc5 47.Rg2 b5 48.a3 a5 49.Ke3 Rc3+
50.Kd4 b4 51.axb4 axb4 52.e5 dxe5+ 53.Kxe5 Rc6 54.Kd5 Rc3 55.Kd4 Rc6 56.Ke5 Rd6
57.Ke4  1/2-1/2

[Event "National Open Blitz"]
[Site "Las Vegas USA"]
[Date "2004.06.17"]
[Round "2"]
[White "Tate,E"]
[Black "Fridman,D2"]
[Result "1/2-1/2"]
[WhiteElo "2340"]
[BlackElo "2594"]

1.e4 d6 2.d4 Nf6 3.Nc3 e5 4.f4 Bg4 5.Be2 exd4 6.Bxg4 dxc3 7.Bf3 Nc6 8.Ne2 cxb2
9.Bxb2 Be7 10.Ng3 O-O 11.Nf5 Re8 12.O-O Bf8 13.Kh1 g6 14.Ng3 Bg7 15.Rb1 Rb8
16.c4 Nd7 17.Bxg7 Kxg7 18.Rb3 Nc5 19.Ra3 Qf6 20.e5 dxe5 21.Bxc6 Qxc6 22.f5 Rbd8
23.Qc1 f6 24.fxg6 hxg6 25.Raf3 Re6 26.Nf5+ gxf5 27.Rg3+ Kf7 28.Qh6 Ree8 29.Qh7+ Ke6
30.Qxf5+ Kd6 31.Rd1+ Ke7 32.Qh7+ Ke6 33.Qh3+ Kf7 34.Qh7+ Ke6 35.Qh3+  1/2-1/2

[Event "Masters"]
[Site "Grenoble FRA"]
[Date "2004.06.20"]
[Round "2"]
[White "Adda,O"]
[Black "Grimberg,G"]
[Result "0-1"]
[WhiteElo "2181"]
[BlackElo "2318"]

1.e4 d6 2.d4 Nf6 3.Nc3 Nbd7 4.Nf3 e5 5.Bc4 Be7 6.h3 c6 7.a4 a5 8.O-O O-O
9.Re1 h6 10.Ba2 Re8 11.Be3 Qc7 12.Qd2 Nf8 13.dxe5 dxe5 14.Bxh6 gxh6 15.Qxh6 N6h7
16.Qh5 Bf6 17.Nh4 Bxh4 18.Qxh4 Be6 19.Re3 Bxa2 20.Rg3+ Kh8 21.Rxa2 Ng6 22.Qh6 Rg8
23.Nd1 Nf4 24.Rg4 Rg6 25.Rxg6 fxg6 26.g3 Qd7 27.gxf4 Qxd1+ 28.Kh2 Qf3 29.Qh4 Qxe4
30.Ra3 g5 31.Qg3 gxf4 32.Qc3 Rg8 33.Qf3  0-1

[Event "XVIII Open"]
[Site "Pula CRO"]
[Date "2004.06.22"]
[Round "4"]
[White "Wiley,To"]
[Black "Rukavina,J"]
[Result "1/2-1/2"]
[WhiteElo "2274"]
[BlackElo "2416"]

1.d4 d6 2.e4 Nf6 3.Nc3 e5 4.dxe5 dxe5 5.Qxd8+ Kxd8 6.Bc4 Be6 7.Bxe6 fxe6
8.Be3 Bd6 9.f3 Nc6 10.Nge2 Ke7 11.O-O a6 12.Na4 Nd7 13.b3 h6 14.Nb2 Rhd8
15.c3 Bc5 16.Kf2 b6 17.Rfd1 Bxe3+ 18.Kxe3 Nc5 19.Rxd8 Rxd8 20.Rd1 Rxd1 21.Nxd1 a5
22.Nb2 b5 23.Nd3 Nxd3 24.Kxd3 Kd6 25.a3 Na7 26.Ng3 Nc8 27.Nf1 Nb6 28.Ne3 a4
29.b4 c5 30.Kd2 Nd7 31.Kd3 Nb8 32.Nc2 Nc6 33.Ke3 Ne7 34.g3 Nc8 35.Kd3 Kc6
36.Ne3 Nd6 37.Ke2 cxb4 38.cxb4 g5 39.Kd3 h5 40.h4 gxh4 41.gxh4 Kd7 42.Kc3 Nf7
43.Kd3 Nh8 44.Ng2 Ng6 45.Ke2 Ke7 46.Kf2 Kf6 47.Ke2 Ne7 48.Ne3 Nc6 49.Nc2 Nd8
50.Ne3 Nf7 51.Ng2 Nd6 52.Ne3 Nc8 53.Nc2 Kf7 54.Ne3 Ne7 55.Kf2 Kf6 56.Ke2 Ng6
57.Ng2 Nf4+ 58.Nxf4 exf4 59.Kd3 Ke5 60.Kc3 Kd6  1/2-1/2

[Event "XVIII Open"]
[Site "Pula CRO"]
[Date "2004.06.23"]
[Round "6"]
[White "Wirig,A"]
[Black "Jurkovic,A"]
[Result "1-0"]
[WhiteElo "2422"]
[BlackElo "2324"]

1.d4 d6 2.e4 Nf6 3.Nc3 Nbd7 4.Nge2 e5 5.f3 c6 6.Be3 b5 7.a3 Bb7 8.Qd2 a5
9.Ng3 b4 10.Na4 c5 11.dxe5 dxe5 12.Bb5 Qc7 13.axb4 axb4 14.O-O Bc6 15.Bxc6 Qxc6
16.b3 g6 17.c3 Be7 18.cxb4 cxb4 19.Bh6 Qd6 20.Qe2 Bd8 21.Rfd1 Qa6 22.Qd2 Be7
23.Kh1 Bf8 24.Bxf8 Kxf8 25.Qxb4+ Kg7 26.Rab1 Rhb8 27.Qd2 Qe6 28.Nc3 Rxb3
29.Nd5 Rxb1 30.Rxb1 Rb8 31.Rxb8 Nxb8 32.Nf5+ gxf5 33.Qg5+ Kf8 34.Nxf6 fxe4
35.Nxh7+ Ke8 36.Qg8+ Ke7 37.Qf8+ Kd7 38.Qxb8 Qh6 39.Qa7+ Kd8 40.Qa5+ Kc8
41.Qc5+ Kb7 42.Qe7+ Kc8 43.Qf8+ Qxf8 44.Nxf8 exf3 45.gxf3 Kd8 46.Nh7 Ke7
47.Ng5 f5 48.Kg2 Kf6 49.Nh3 Kg6 50.Kg3 Kh5 51.f4  1-0

[Event "TCh-CRO"]
[Site "Rabac CRO"]
[Date "2004.06.24"]
[Round "6"]
[White "Rogic,D"]
[Black "Jurkovic,A"]
[Result "1-0"]
[WhiteElo "2479"]
[BlackElo "2324"]

1.e4 d6 2.d4 Nf6 3.Nc3 Nbd7 4.g4 h6 5.h3 e5 6.Be3 c6 7.Nge2 b5 8.Ng3 b4 9.Nce2 c5
10.d5 a5 11.f4 g6 12.Bg2 h5 13.g5 h4 14.fxe5 Nxe5 15.gxf6 hxg3 16.Bg5 Bxh3
17.Nxg3 Bxg2 18.Rxh8 Nf3+ 19.Kf2 Nxg5 20.Kxg2 Qxf6 21.Qf1 Qxh8 22.Qb5+ Ke7
23.Qb7+ Kf6 24.e5+ Kxe5 25.Rh1 Qf6 26.Re1+ Kd4 27.Ne2+ Ke3 28.Ng1+ Kd4 29.Qxa8 Bg7
30.Rd1+ Ke3 31.Qe8+  1-0

[Event "TCh-CRO"]
[Site "Rabac CRO"]
[Date "2004.06.26"]
[Round "8"]
[White "Zufic,M"]
[Black "Matic,Z"]
[Result "1-0"]
[WhiteElo "2388"]
[BlackElo "2213"]

1.e4 d6 2.d4 Nf6 3.Nc3 e5 4.Nf3 Nbd7 5.Bc4 Be7 6.O-O O-O 7.Re1 Nb6 8.Bf1 Bg4
9.dxe5 Bxf3 10.Qxf3 dxe5 11.Rd1 Nfd7 12.a4 a5 13.Be3 Qe8 14.Nb5 Qb8 15.Qg3 Kh8
16.Bxb6 Nxb6 17.Qxe5 Bf6 18.Qc5 Bxb2 19.Ra2 Bf6 20.e5 Bg5 21.e6 Rd8 22.Raa1 Bf6
23.e7 Rd7 24.Re1 Bxa1 25.Nxc7 Nxa4 26.Nxa8 Qe8 27.Qc8  1-0

[Event "2nd Infineon IM"]
[Site "Budapest HUN"]
[Date "2004.06.29"]
[Round "5"]
[White "Bindrich,F"]
[Black "Szieberth,A"]
[Result "0-1"]
[WhiteElo "2253"]
[BlackElo "2370"]

1.e4 d6 2.d4 Nf6 3.Nc3 Nbd7 4.Nf3 e5 5.Bc4 Be7 6.O-O O-O 7.Re1 c6 8.a4 Qc7
9.b3 exd4 10.Nxd4 Ne5 11.Be2 Re8 12.f4 Ng6 13.g3 Bh3 14.Bf3 d5 15.e5 Bb4
16.Bd2 Qb6 17.Ne2 Bxd2 18.Qxd2 Ne4 19.Qe3 a6 20.a5 Qa7 21.Bxe4 dxe4 22.Nc3 Red8
23.Ra4 Bg4 24.Nxe4 c5 25.Ne2 Bxe2 26.Rxe2 Rd1+ 27.Kg2 b5 28.axb6 Qxb6 29.Qxc5 Qe6
30.Nf2 Rd5 31.Qe3 Ne7 32.Qe4 Rad8 33.Re3 Rd2 34.Rd3 R8xd3 35.cxd3 g6 36.Qc4 Qb6
37.Qd4 Qb7+ 38.Qe4 Qxb3 39.Qd4 Nc6 40.Qc4 Qb6 41.d4 Nxd4 42.Qd5 Nb3 43.Qf3 Rxf2+
44.Qxf2 Qc6+ 45.Qf3 Qxa4 46.Qd5 Kg7 47.e6 fxe6 48.Qxe6 Nd4 49.Qe7+ Kg8 50.Qd8+ Kf7
51.Qc7+ Ke6 52.Qxh7 Qc2+ 53.Kh3 Qf5+ 54.Kg2 Qe4+ 55.Kh3 a5 56.Qg8+ Kd7 57.Qf7+ Kc6
58.Qa7 Kb5 59.Qb8+ Kc4 60.Qa7 Qe6+ 61.Kg2 Qc6+ 62.Kh3 Qe6+ 63.Kg2 Qc6+ 64.Kh3 a4
65.g4 Qf3+ 66.Kh4 Qf2+ 67.Kh3 Qe3+  0-1

[Event "Open"]
[Site "Nis SCG"]
[Date "2004.07.02"]
[Round "6"]
[White "Radoja,D"]
[Black "Ristic,Bob"]
[Result "1-0"]
[WhiteElo "2226"]
[BlackElo "2086"]

1.e4 d6 2.d4 Nf6 3.Nc3 c6 4.h3 Nbd7 5.Nf3 e5 6.a4 Be7 7.Bc4 O-O 8.O-O b6
9.Re1 Bb7 10.Bb3 a6 11.Bg5 h6 12.Bh4 Qc7 13.Qd3 b5 14.Bg3 b4 15.Nd1 c5 16.d5 a5
17.Ne3 Ba6 18.Bc4 Bxc4 19.Nxc4 Qa7 20.Nfd2 Nh5 21.Bh2 g5 22.Ne3 Ng7 23.g4 f6
24.b3 Qa6 25.Ndc4 Nb6 26.Kg2 Nxc4 27.Nxc4 Bd8 28.Bg3 Bc7 29.h4 Qc8 30.Qf3 h5
31.gxh5 g4 32.Qe3 Nxh5 33.Qh6 Ng7 34.Qg6 f5 35.exf5 Qxf5 36.Qxf5 Nxf5 37.Re4 Kh7
38.Rxg4 Rg8 39.Rxg8 Rxg8 40.Kh3 Nd4 41.Ne3 Rf8 42.Kg2 Kh6 43.Rf1 Rf3 44.Rd1 Rf7
45.Kf1 Kh5 46.Ke1 Rf3 47.Kd2 Bd8 48.Rh1 Bc7 49.Kd3 Bd8 50.Ke4 Be7 51.Rd1 Rf7
52.Rd3 Rf8 53.Rd1 Rf7 54.Kd3 Rf3 55.Kc4 Rf6 56.c3 bxc3 57.Kxc3 Rf3 58.Kc4 Rf8
59.Rb1 Rb8 60.Rb2 Rf8 61.Kd3 Rb8 62.Kc3 Rf8 63.Nc2 Rb8 64.Kc4 Bd8 65.Ne3 Bc7
66.f4 Rg8 67.Bh2 exf4 68.Bxf4 Rb8 69.Kc3 Rf8 70.Bg5 Rf3 71.Kc4 Rf8 72.Rb1  1-0

[Event "3rd Open"]
[Site "La Fere FRA"]
[Date "2004.07.03"]
[Round "1"]
[White "Demeestere,L"]
[Black "Pytel,K"]
[Result "0-1"]
[WhiteElo "1954"]
[BlackElo "2416"]

1.e4 d6 2.d4 Nf6 3.Nc3 Nbd7 4.Nf3 e5 5.Bc4 Be7 6.dxe5 dxe5 7.O-O O-O 8.Qe2 c6
9.Rd1 Qc7 10.a4 Nc5 11.h3 Ne6 12.Be3 a5 13.Ng5 Nxg5 14.Bxg5 Ne8 15.Bxe7 Qxe7
16.Qe3 Nc7 17.Rd2 Ne6 18.Bxe6 Bxe6 19.Rad1 h6 20.Rd6 Rfd8 21.Qc5 Rxd6 22.Rxd6 Qg5
23.Nd1 Bxh3 24.Ne3 Be6 25.Qb6 Qe7 26.Qc5 Re8 27.Qxe5 Qg5 28.Qd4 h5 29.e5 h4
30.f4 Qg3 31.f5 Bd5 32.Nxd5 cxd5 33.Rxd5 h3 34.Qe4 hxg2 35.e6 fxe6 36.fxe6 Qh3
37.Qxg2 Qxe6 38.Rg5 Qe1+ 39.Kh2 Qh4+  0-1

[Event "Open"]
[Site "Nis SCG"]
[Date "2004.07.03"]
[Round "7"]
[White "Kostic,Mis"]
[Black "Kostic,Ne"]
[Result "1/2-1/2"]
[WhiteElo "2179"]
[BlackElo "2349"]

1.e4 d6 2.d4 Nf6 3.Nc3 e5 4.Nf3 Nbd7 5.Bc4 Be7 6.a4 c6 7.O-O O-O 8.Re1 Qc7
9.h3 b6 10.d5 cxd5 11.Bxd5 Nxd5 12.Nxd5 Qd8 13.Nd2 Nf6 14.Nc4 Nxd5 15.Qxd5 Be6
16.Qd3 Qc7 17.Ne3 Rfc8 18.c3 Bf8 19.Nd5 Bxd5 20.Qxd5 Rab8 21.Rd1 Qc4 22.Rd3 Qxd5
23.Rxd5 f6 24.f3 Kf7 25.Kf1 Ke6 26.g4 Be7 27.Ke2 g6 28.Kd3 Rh8 29.c4 Bd8
30.Bd2 a5 31.Rb5 Bc7 32.Be3 Kd7 33.b4 axb4 34.Rb1 Kc6 35.R1xb4 g5 36.Rb1 h5
37.gxh5 Rxh5 38.a5 Ra8 39.axb6 Ra3+ 40.R1b3 Rxb3+ 41.Rxb3 Bb8 42.b7 Rxh3
43.Ke2 Rh2+ 44.Bf2 Kc7 45.Kf1 Rh1+ 46.Kg2 Rc1 47.Rb4 Kd7 48.Bb6 Rc3 49.Kf2 Rc1
50.Kg3 Rc2 51.Ra4 Rb2 52.Ra6 Kc6 53.Bd4+ Kxb7 54.Bxb2 Kxa6 55.Kg4 Ka5 56.Kf5 Kb4
57.Kxf6 Kxc4  1/2-1/2

[Event "TCh-GRE"]
[Site "Aghia Pelagia GRE"]
[Date "2004.07.04"]
[Round "1"]
[White "Makka,E"]
[Black "Georgiadis,I"]
[Result "0-1"]
[WhiteElo "2093"]
[BlackElo "2038"]

1.e4 d6 2.d4 Nf6 3.Nc3 c6 4.Nf3 Bg4 5.Be2 Nbd7 6.Be3 e5 7.h3 Bh5 8.dxe5 dxe5
9.O-O Qc7 10.Nd2 Bxe2 11.Qxe2 Bc5 12.Rfd1 O-O 13.Nf1 Bxe3 14.Nxe3 Nc5 15.Nf5 Ne6
16.Qf3 Rad8 17.Qg3 Nh5 18.Qh4 Nhf4 19.Qg4 g6 20.Ne3 Nd4 21.Kh1 Kh8 22.Qh4 f6
23.f3 Qg7 24.Qf2 f5 25.Kh2 Qh6 26.Qg3 Rde8 27.Re1 fxe4 28.Ng4 Qg7 29.Rxe4 Nxc2
30.Rd1 Nd4 31.Nxe5 Nh5 32.Qe1 c5 33.Nd5 Rd8 34.Nc3 Nf6 35.Rh4 g5 36.Rhxd4 cxd4
37.Ne2 Rde8 38.Nd3 Nd5 39.Qd2 Ne3 40.Rc1 Qg6 41.Nb4 Qd6+  0-1

[Event "2nd Infineon FM"]
[Site "Budapest HUN"]
[Date "2004.07.04"]
[Round "10"]
[White "Torma,R"]
[Black "Dobos,O"]
[Result "1-0"]
[WhiteElo "2181"]
[BlackElo "2035"]

1.e4 d6 2.d4 Nf6 3.Nc3 c6 4.f4 g6 5.Nf3 Bg7 6.e5 Nd5 7.Bc4 Nxc3 8.bxc3 d5
9.Bd3 O-O 10.O-O e6 11.g4 Qa5 12.Bd2 Qc7 13.f5 exf5 14.gxf5 Bxf5 15.Bxf5 gxf5
16.Nh4 f6 17.e6 Re8 18.Bf4 Qc8 19.Nxf5 Kh8 20.Nd6 Qxe6 21.Nxe8 Qxe8 22.Qg4 h5
23.Qf5 Nd7 24.Rf3 Nf8 25.Rh3 Ng6 26.Qxh5+ Kg8 27.Qh7+ Kf7 28.Bh6 Qg8 29.Qxg7+ Qxg7
30.Bxg7 Kxg7 31.Rg3 Re8 32.Kf2 Rh8 33.h3 Kf7 34.Rh1 Nf4 35.h4 Ne6 36.Kg2 c5
37.dxc5 Nxc5 38.Kf3  1-0

[Event "Open A"]
[Site "Klatovy CZE"]
[Date "2004.07.04"]
[Round "2"]
[White "Zeman,M"]
[Black "Kaderabek,J"]
[Result "1-0"]
[WhiteElo "1994"]
[BlackElo "2185"]

1.e4 d6 2.d4 Nf6 3.Nc3 c6 4.Be3 Qc7 5.Qd2 e5 6.h3 Be7 7.g4 b5 8.a3 O-O 9.Nge2 d5
10.exd5 b4 11.axb4 Bxb4 12.dxc6 Nxc6 13.Bg2 Rd8 14.d5 Be6 15.O-O Nxd5 16.Bxd5 Bxd5
17.Nxd5 Qb7 18.c3 Nd4 19.Nxd4 Rxd5 20.cxb4 exd4 21.Bf4 h5 22.Ra5 hxg4 23.hxg4 Rxa5
24.bxa5 Qf3 25.g5 Re8 26.Bg3 d3 27.Rd1 Re2 28.Qf4 Qh5 29.Qh4 Qf3 30.Qh1 Qf5
31.Qa8+ Kh7 32.Qd8 Qe4 33.Kh2 d2 34.Rxd2 Re1 35.f3 Re2+ 36.Kh3 Qf5+ 37.Kh4 Re3
38.Qd5 Qg6 39.Rh2 Qb1 40.Qxf7  1-0

[Event "3rd Open"]
[Site "La Fere FRA"]
[Date "2004.07.04"]
[Round "2"]
[White "Waquet,F"]
[Black "Laval,B"]
[Result "0-1"]
[WhiteElo "2055"]
[BlackElo "2106"]

1.e4 d6 2.d4 Nf6 3.Nc3 Nbd7 4.Be3 e5 5.d5 c5 6.f3 a6 7.Qd2 b5 8.g4 g6 9.Nge2 Nb6
10.Ng3 b4 11.Nd1 h5 12.gxh5 Nxh5 13.Nxh5 Rxh5 14.b3 f5 15.Qg2 Qf6 16.Rg1 f4
17.Bd2 Kf7 18.Nf2 a5 19.h3 Be7 20.a3 a4 21.Bc1 axb3 22.cxb3 Bd7 23.a4 Rhh8
24.a5 c4 25.Bxc4 Nxc4 26.bxc4 Rhc8 27.Bb2 Rxc4 28.Nd3 Qh4+ 29.Kd1 Qh5 30.Bxe5 Bxh3
31.Qe2 dxe5 32.Nxf4 exf4 33.Qxc4 Qxf3+ 34.Qe2 Qb3+ 35.Qc2 Qe3 36.Qh2 Qd4+
37.Kc2 Rc8+ 38.Kb3 Qc4+ 39.Kb2 Bf6+ 40.Kb1  0-1

[Event "Open"]
[Site "Nis SCG"]
[Date "2004.07.04"]
[Round "8"]
[White "Milosavljevic,I"]
[Black "Kostic,Ma"]
[Result "0-1"]
[WhiteElo "2094"]
[BlackElo "2151"]

1.e4 d6 2.d4 Nf6 3.Nc3 c6 4.Nf3 Bg4 5.h3 Bh5 6.g4 Bg6 7.Bd3 Nbd7 8.Bf4 Qa5
9.Qd2 e5 10.Be3 Be7 11.a3 Qc7 12.O-O-O O-O-O 13.d5 Kb8 14.b4 Rc8 15.Kb2 Nb6
16.Nh4 cxd5 17.Nxg6 hxg6 18.Bxb6 Qxb6 19.exd5 Qd4 20.Bb5 Qb6 21.f3 Rxc3 22.Qxc3 Qxb5
23.Qd3 Qb6 24.Qe2 Nd7 25.c3 Rc8 26.h4 Qc7 27.Rc1 Nb6 28.Qd1 Qc4 29.Rh2 Nxd5
30.Qb3 Qf4 31.Rh3 Nb6 32.Rc2 Nc4+ 33.Ka2 e4 34.fxe4 Qxg4 35.Rch2 Qxe4 36.h5 g5
37.h6 gxh6 38.Rxh6 Qe5 39.a4 d5 40.a5 f5 41.b5 Nxa5 42.Qc2 Rxc3 43.Rh8+ Kc7
44.b6+ axb6  0-1

[Event "32nd World Open"]
[Site "Philadelphia USA"]
[Date "2004.07.04"]
[Round "7"]
[White "Arakhamia,K"]
[Black "Fridman,D2"]
[Result "1/2-1/2"]
[WhiteElo "2446"]
[BlackElo "2594"]

1.e4 d6 2.d4 Nf6 3.Nc3 e5 4.Nf3 exd4 5.Nxd4 Be7 6.Be2 O-O 7.O-O Re8 8.f4 c5
9.Nb3 Nc6 10.Kh1 Bf8 11.Bf3 a5 12.a4 Nb4 13.Be3 Qb6 14.Nd2 d5 15.exd5 Bf5
16.Rc1 Nxc2 17.Rxc2 Bxc2 18.Qxc2 Rxe3 19.Nc4 Rxf3 20.Rxf3 Qb4 21.Qd3 Rd8
22.h3 Ne8 23.Rf2 Nd6 24.Nxd6 Bxd6 25.Qe4 Qd4 26.Re2 g6 27.g3 Bf8 28.Kg2 b6
29.Qc2 Qf6 30.Re4 Qd6 31.Qe2 Qd7 32.g4 Qc8 33.Kg3 Qa8 34.Qb5 Bg7 35.Qc6 Qxc6
36.dxc6 Bxc3 37.bxc3 Kf8 38.f5 Rc8 39.Kf4 Rxc6 40.g5 f6 41.fxg6 fxg5+ 42.Kxg5 Rxg6+
43.Kf5 Rg3 44.Re6 Rxc3 45.Rxb6 Rxh3 46.Ra6 c4 47.Kg4 Rh1 48.Rxa5 Ke7 49.Rc5 Rc1
50.Kf3 Kd6 51.Rc8 Kd5 52.Ke3 Ra1 53.Rh8 Kc5 54.Rxh7 Kb4 55.Kd2 Ra2+ 56.Kc1 Kb3
57.Rb7+ Kc3 58.Kb1 Rd2 59.Rc7 Rb2+ 60.Kc1 Re2 61.Kb1 Re1+ 62.Ka2 Kd3 63.Kb2 Re2+
64.Ka3 c3 65.a5 Re5 66.Kb4 c2 67.a6 Kd2 68.Rc8 Re8 69.Rc7 Rb8+ 70.Ka5 Rb1
71.a7 c1=Q 72.Rxc1 Rxc1 73.Kb6  1/2-1/2

[Event "Open A"]
[Site "Klatovy CZE"]
[Date "2004.07.05"]
[Round "3"]
[White "Jandecka,T"]
[Black "Ceplecha,T"]
[Result "1-0"]
[WhiteElo "2150"]
[BlackElo "2011"]

1.e4 d6 2.d4 Nf6 3.Nc3 e5 4.dxe5 dxe5 5.Qxd8+ Kxd8 6.Bg5 Be6 7.Nf3 Bd6 8.O-O-O Ke7
9.Nd5+ Bxd5 10.exd5 Nd7 11.Bb5 Kf8 12.Rhe1 a6 13.Ba4 b5 14.Bb3 Ne8 15.c3 f6
16.Bd2 Bc5 17.Be3 Nd6 18.Bc2 Ke7 19.h4 Nc4 20.Bxc5+ Nxc5 21.b3 Nd6 22.g4 Rad8
23.g5 Nd7 24.h5 Kf8 25.h6 gxh6 26.gxf6 Nf7 27.Bf5 Nxf6 28.Nxe5 Rxd5 29.Rxd5 Nxd5
30.Nxf7 Kxf7 31.Be6+ Kf6 32.Bxd5 Rd8 33.Be4 Kg5 34.Bxh7 h5 35.Be4 h4 36.Bb7 Rh8
37.Kd2 Rh6 38.Ke3 Re6+ 39.Be4  1-0

[Event "22nd Open"]
[Site "Andorra la Vella AND"]
[Date "2004.07.06"]
[Round "4"]
[White "Lemmers,O"]
[Black "Damljanovic,B"]
[Result "0-1"]
[WhiteElo "2396"]
[BlackElo "2583"]

1.e4 d6 2.d4 Nf6 3.Nc3 e5 4.Nf3 Nbd7 5.Bc4 Be7 6.O-O O-O 7.Re1 c6 8.a4 b6
9.d5 cxd5 10.Nxd5 Nxd5 11.Bxd5 Rb8 12.c4 Nf6 13.Be3 Nxd5 14.cxd5 f5 15.exf5 Bxf5
16.Nd2 Rc8 17.Qb3 Qe8 18.Rec1 Qg6 19.Nf1 h5 20.Rxc8 Bxc8 21.Kh1 Bf5 22.Rc1 h4
23.f3 h3 24.Ng3 hxg2+ 25.Kxg2 e4 26.f4 Bg4 27.Rc7 Bf3+ 28.Kf2 Bd8 29.Rxa7 Qh6
30.Kg1 Qh3 31.Qc2 Bh4 32.Rc7 Bxg3 33.hxg3 Qxg3+ 34.Kf1 Rf6 35.Bg1 Rxf4 36.Bf2 Qg2+
37.Ke1 Bh5 38.Rxg7+ Qxg7 39.Qc8+ Kh7  0-1

[Event "Open A"]
[Site "Klatovy CZE"]
[Date "2004.07.06"]
[Round "4"]
[White "Novy,V"]
[Black "Neuman,P"]
[Result "0-1"]
[WhiteElo "2093"]
[BlackElo "2428"]

1.e4 d6 2.d4 Nf6 3.Nc3 c6 4.Bg5 Nbd7 5.Qd2 e5 6.Nf3 Be7 7.Be2 O-O 8.O-O Re8
9.a4 Qc7 10.dxe5 dxe5 11.Ne1 Nc5 12.f3 Ne6 13.Be3 Rd8 14.Nd3 Nd4 15.Rae1 Be6
16.Kh1 Bc4 17.f4 Nxe2 18.Qxe2 exf4 19.Bxf4 Qd7 20.e5 Nd5 21.Nxd5 Qxd5 22.Rf3 Qe6
23.b3 Bxd3 24.Rxd3 Rxd3 25.Qxd3 Rd8 26.Qe2 h6 27.h3 Kf8 28.Qe4 Kg8 29.Kh2 Rd5
30.Qe2 Bc5 31.c3 Bb6 32.Rd1 Bc7 33.Rxd5 Qxd5 34.c4 Qd4 35.Qe3 Qxe3 36.Bxe3 Bxe5+
37.Kg1 a6 38.Bc5 f5 39.Kf2 Kf7 40.Ke3 h5 41.Bb6 g5 42.Bd8 g4 43.hxg4 hxg4
44.Bb6 Ke6 45.Bc5 Bh2 46.Bb4 f4+ 47.Ke4 f3  0-1

[Event "Open"]
[Site "Olomouc CZE"]
[Date "2004.07.06"]
[Round "2"]
[White "Ramesh,R"]
[Black "Prussakov,K"]
[Result "1-0"]
[WhiteElo "2484"]
[BlackElo "2192"]

1.e4 d6 2.d4 Nf6 3.Nc3 e5 4.Nf3 Nbd7 5.Bc4 Be7 6.O-O O-O 7.Re1 c6 8.a4 Qc7
9.b3 Ng4 10.Bf1 exd4 11.Nxd4 Bf6 12.Bb2 Nge5 13.Nf5 d5 14.exd5 a5 15.d6 Qb6
16.Rb1 Ng6 17.Qd2 Nc5 18.Ne7+ Nxe7 19.dxe7 Re8 20.Ba3 Bf5 21.Qd6 Bxc3 22.Bxc5 Bb4
23.Re5 Bxc2 24.Rc1 Bxb3 25.Rg5 Bxc5 26.Rcxc5 g6 27.Rb5 Qa7 28.Rxb3 b5 29.Re3  1-0

[Event "32nd World Open"]
[Site "Philadelphia USA"]
[Date "2004.07.06"]
[Round "9"]
[White "Charbonneau,P"]
[Black "Fridman,D2"]
[Result "1/2-1/2"]
[WhiteElo "2472"]
[BlackElo "2594"]

1.e4 d6 2.d4 Nf6 3.Nc3 e5 4.Nf3 exd4 5.Nxd4 Be7 6.Be2 O-O 7.O-O Re8 8.Re1 Bf8
9.Bf1 Nbd7 10.Bg5 c6 11.a4 Nc5 12.f3 Ne6 13.Be3 d5 14.exd5 Nxd5 15.Nxd5 Qxd5
16.Nxe6  1/2-1/2

[Event "TCh-GRE"]
[Site "Aghia Pelagia GRE"]
[Date "2004.07.07"]
[Round "4"]
[White "Iskos,A"]
[Black "Stavrianakis,I"]
[Result "1/2-1/2"]
[WhiteElo "2035"]
[BlackElo "2058"]

1.e4 d6 2.d4 Nf6 3.Nc3 c6 4.Be3 Qc7 5.Qd2 e5 6.f3 Be7 7.Nge2 b5 8.g4 a5 9.Ng3 g6
10.g5 Nfd7 11.h4 a4 12.h5 Rg8 13.hxg6 hxg6 14.d5 b4 15.dxc6 bxc3 16.cxd7+ Nxd7
17.Qxc3 Qxc3+ 18.bxc3 Nf8 19.Bc4 Be6 20.Bd5 Rc8 21.Kd2 Rg7 22.Ne2 Bxd5 23.exd5 Bd8
24.Rab1 Rh7 25.Rh6 Rc4 26.Rb4 Rxh6 27.gxh6 Rh4 28.Rxh4 Bxh4 29.c4 g5 30.Nc3 f5
31.Nxa4 f4 32.Bb6 e4 33.Ke2 Kf7 34.Bd4 Kg6 35.Nc3 exf3+ 36.Kxf3 Kf5 37.a4 g4+
38.Kg2 f3+ 39.Kg1 Bd8 40.Nb5 g3 41.Nxd6+ Kg4 42.Ne4 Kf4 43.Nf6 f2+ 44.Kg2 Bxf6
45.Bxf2 gxf2 46.Kxf2 Bd4+ 47.Ke2 Ke4 48.a5 Bc5 49.a6 Kd4 50.d6 Kxc4 51.d7 Nxd7
52.h7 Bd4 53.a7 Nb6 54.Kf3 Kd5 55.c4+ Kxc4 56.Ke4 Bh8 57.Kf5 Kc5 58.Ke6 Kc6  1/2-1/2

[Event "TCh-GRE"]
[Site "Aghia Pelagia GRE"]
[Date "2004.07.07"]
[Round "5"]
[White "Makka,E"]
[Black "Iliopoulos,A"]
[Result "1-0"]
[WhiteElo "2093"]
[BlackElo "2084"]

1.e4 d6 2.d4 Nf6 3.Nc3 c6 4.g3 Qc7 5.a4 a5 6.Bg2 e5 7.Nge2 Be7 8.O-O O-O
9.h3 Ne8 10.g4 g6 11.f4 f5 12.fxe5 dxe5 13.gxf5 gxf5 14.Qd3 exd4 15.Qc4+ Kh8
16.Bf4 Qb6 17.Be5+ Bf6 18.Qxd4 Qxd4+ 19.Bxd4 Bxd4+ 20.Nxd4 Ng7 21.Rf2 c5
22.Nxf5 Nxf5 23.Raf1 Nc6 24.exf5 Nd4 25.Ne4 Rxf5 26.c3 Rxf2 27.Rxf2 Ne6 28.Nd6 Bd7
29.Nxb7 Rg8 30.Kh2 Bxa4 31.Nxa5 Rb8 32.Nb7 Bb3 33.Rf5 Bc2 34.Rf2 Bb3 35.Bh1 Kg7
36.Kg3 c4 37.Nd6 Rb6 38.Ne8+ Kh8 39.Bd5 Rb8 40.Nd6 Nc5 41.Re2 Bd1 42.Rd2 Bb3
43.Kh2 Rf8 44.Bxc4 Ne4 45.Nxe4 Bxc4 46.b4 Rf3 47.Kg2 Re3 48.Rd4 Bd3 49.Nf2 Bf5
50.c4 Kg7 51.c5 Kf7 52.Rc4 Be6 53.Rf4+ Ke7 54.Re4 Rb3 55.Ng4 h5 56.Ne3 Kd7
57.Kh2 h4 58.c6+ Kd6 59.Nc4+ Kd5 60.Re5+ Kxc4 61.Rxe6 Kxb4 62.c7 Rb2+ 63.Kg1 Rc2
64.Re4+ Kb5 65.Rxh4 Rxc7 66.Kg2 Kc5 67.Re4 Kd5 68.Re1 Rg7+ 69.Kf3 Rh7 70.Kg4 Rg7+
71.Kf5 Rh7 72.Rd1+ Kc6 73.Rd3 Kc5 74.Kg4 Kc4 75.Rd1 Rg7+ 76.Kf5 Rh7 77.Rh1 Kd5
78.h4 Kd6 79.h5 Ke7 80.Kg6 Rf7 81.h6 Rf6+ 82.Kg5  1-0